000 00376nam a22001457a 4500
999 _c524212
_d524212
020 _a9787119086026
040 _cNUST
082 _a351.51
_bYAN
100 _aYang Wang
_915027
245 _aThe selection and governance of officials decoding china cadre system
260 _bForeing languages press
_c2013
300 _aill,207,P,:
500 _aP.B
942 _2ddc
_cBK